000
00447nam a2200181Ia 4500
008
090124s9999 xx 000 0 und d
082
_b
130285
100
_a
पोतदार मधू
245
_a
कुबेर
250
_a
1
260
_c
2001
300
_a
248
600
_a
पोतदार मधू
630
_a
कुबेर
700
_a
पोतदार मधू
730
_a
कुबेर
942
_c
BOOK
999
_c
176374
_d
176374